[Event "Wch Seniors 65 24th"]
[Site "Katerini"]
[Date "2014.10.29"]
[Round "6"]
[White "Awawdeh, Fayez"]
[Black "Harding, Timothy David"]
[Result "0-1"]
[WhiteElo "2012"]
[BlackElo "2095"]
[PlyCount "166"]
[EventDate "2014.10.24"]
[EventType "swiss"]
[EventRounds "11"]
[EventCountry "GRE"]
[SourceTitle "EXT 2015"]
[Source "ChessBase"]
[SourceDate "2014.11.20"]
[SourceVersion "1"]
[SourceVersionDate "2014.11.20"]
[SourceQuality "1"]

1. e4 e5 2. Nf3 Nc6 3. Bb5 a6 4. Ba4 Nf6 5. 0-0 Be7 6. Re1 b5 7. Bb3 0-0 8. c3 d5 9. exd5 Nxd5 10. Nxe5 Nxe5 11. Rxe5 Bb7 12. d4 Bf6 13. Re1 Qd6 14. Nd2 Rae8 15. Nf3 Nf4 16. Be3 g5 17. h3 Kh8 18. a4 Qd7 19. Bxf4 gxf4 20. axb5 axb5 21. Qd3 Rg8 22. Rxe8 Qxe8 23. Re1 Qd7 24. Kf1 Rg6 25. Bc2 Bd5 26. b3 Qc6 27. Re2 Rh6 28. Ne1 Be6 29. f3 Rh5 30. Qd2 Bh4 31. Nd3 Bg3 32. Nf2 Qd7 33. Qd3 Bf5 34. Re4 Bxf2 35. Kxf2 Qd8 36. Qe2 Qh4+ 37. Kf1 Bxe4 38. Bxe4 Qe7 39. Qd3 Qa3 40. Qb1 Rh6 41. Bd5 Kg7 42. Qe1 Qd6 43. Be4 Qe6 44. Qd2 Rf6 45. Qc2 h6 46. c4 bxc4 47. bxc4 Qa6 48. Qc3 Kg8 49. Kg1 Qa7 50. Kh2 Ra6 51. c5 c6 52. Qd2 Qc7 53. Bc2 Ra3 54. Bb1 Re3 55. Qc2 Re6 56. Qh7+ Kf8 57. Bf5 Rf6 58. h4 Qd8 59. Qh8+ Ke7 60. Qxd8+ Kxd8 61. Be4 Re6 62. h5 Kc7 63. Kh3 Re7 64. d5 cxd5 65. Bxd5 f5 66. g4 fxg3 67. Kxg3 Re5 68. Bf7 Rxc5 69. Kf4 Kd6 70. Kg3 Ke5 71. Be8 Rc8 72. Bf7 Rc7 73. Be8 Rg7+ 74. Bg6 Re7 75. Kg2 Kf4 76. Kf2 Ra7 77. Ke2 Ra2+ 78. Ke1 Ke3 79. Kd1 f4 80. Be4 Rd2+ 81. Ke1 Rh2 82. Kf1 Rxh5 83. Kg2 Rg5+ 0-1

[Event "Wch Seniors 65 24th"]
[Site "Katerini"]
[Date "2014.10.28"]
[Round "5"]
[White "Zamahari, Abang Draup"]
[Black "Awawdeh, Fayez"]
[Result "0-1"]
[WhiteElo "1603"]
[BlackElo "2012"]
[PlyCount "82"]
[EventDate "2014.10.24"]
[EventType "swiss"]
[EventRounds "11"]
[EventCountry "GRE"]
[SourceTitle "EXT 2015"]
[Source "ChessBase"]
[SourceDate "2014.11.20"]
[SourceVersion "1"]
[SourceVersionDate "2014.11.20"]
[SourceQuality "1"]

1. d4 d5 2. e3 Nf6 3. c4 c6 4. Nc3 a6 5. Nf3 e6 6. cxd5 exd5 7. Bd3 Bd6 8. h3 h6 9. 0-0 0-0 10. Nh2 b5 11. a3 Qc7 12. f4 Re8 13. Re1 c5 14. Kh1 Nc6 15. dxc5 Bxc5 16. b4 Ba7 17. Bd2 Bb7 18. Rc1 Qd6 19. Ng4 Rad8 20. Nxf6+ Qxf6 21. Qf3 Ne7 22. Qf2 Nf5 23. Bxf5 Qxf5 24. Kh2 h5 25. Ne2 Bb6 26. Nd4 Qe4 27. Qf3 Bxd4 28. Qxe4 dxe4 29. exd4 Rxd4 30. Bc3 Rd3 31. Rc2 Rc8 32. Rec1 e3 33. Kg1 Rc4 34. Be5 Rxc2 35. Rxc2 Rd1+ 36. Kh2 Rd2 37. Rb2 e2 38. Rxd2 e1Q 39. Bc3 Qe3 40. Rd8+ Kh7 41. Be5 Qf2 0-1

[Event "Wch Seniors 65 24th"]
[Site "Katerini"]
[Date "2014.10.25"]
[Round "2"]
[White "Awawdeh, Fayez"]
[Black "Filzmaier, Bruno"]
[Result "1-0"]
[WhiteElo "2012"]
[BlackElo "1846"]
[PlyCount "141"]
[EventDate "2014.10.24"]
[EventType "swiss"]
[EventRounds "11"]
[EventCountry "GRE"]
[SourceTitle "EXT 2015"]
[Source "ChessBase"]
[SourceDate "2014.11.20"]
[SourceVersion "1"]
[SourceVersionDate "2014.11.20"]
[SourceQuality "1"]

1. d4 e6 2. c4 d5 3. Nf3 Nf6 4. Bg5 Nbd7 5. Nc3 c6 6. e3 Qa5 7. a3 Ne4 8. Qa4 Qxa4 9. Nxa4 dxc4 10. Nc3 Nxc3 11. bxc3 b5 12. Be2 Bb7 13. 0-0 Bd6 14. Rfb1 0-0 15. Bxc4 a6 16. Bd3 h6 17. Bh4 c5 18. Nd2 g5 19. Bg3 Bxg3 20. hxg3 Bc6 21. f3 c4 22. Bc2 Nb6 23. e4 Rfb8 24. Kf2 Rb7 25. g4 Rab8 26. Ke3 Kg7 27. g3 Re8 28. f4 f5 29. fxg5 hxg5 30. Nf3 fxe4 31. Bxe4 Bxe4 32. Kxe4 Nd5 33. Rc1 Nf6+ 34. Ke3 Nxg4+ 35. Kd2 Kg6 36. Rab1 Rf7 37. Rf1 Ref8 38. Ke2 Rf5 39. Rbd1 Rd8 40. Rh1 Rdf8 41. Rhf1 R8f7 42. Rd2 e5 43. dxe5 Nxe5 44. Rd6+ R7f6 45. Rxf6+ Kxf6 46. Nd4 Rxf1 47. Kxf1 Nd3 48. Ke2 Nc5 49. Ke3 Na4 50. Ne2 Kf5 51. Kf3 g4+ 52. Ke3 Nb6 53. Kd4 Na4 54. Nf4 Nb2 55. Nd5 a5 56. Ne7+ Ke6 57. Nc6 Kd7 58. Ne5+ Kd6 59. Nxg4 Nd3 60. Ne3 Nc1 61. Nf5+ Ke6 62. Ke4 b4 63. cxb4 axb4 64. axb4 Na2 65. Nd4+ Kd6 66. Nc2 Kc6 67. g4 Kb5 68. g5 Nxb4 69. Nxb4 Kxb4 70. g6 c3 71. Kd3 1-0